| Tag |
First Indicator |
Second Indicator |
Subfields |
| LEADER |
00000cem a22000007a 4500 |
| 001 |
in00000001062 |
| 005 |
20151003060008.0 |
| 008 |
980827s1998 xxu f000 0 eng d |
| 035 |
|
|
|a (OCoLC)
|
| 035 |
|
|
|a tmp97129460
|
| 035 |
|
|
|9 AHS7588AM
|
| 040 |
|
|
|a MvI
|c MvI
|d UtOrBLW
|
| 049 |
|
|
|a MAPS
|
| 074 |
|
|
|a 0619-H-23
|
| 086 |
0 |
|
|a I 19.102/23:44090-ST-500/986
|
| 245 |
0 |
0 |
|a State of Minnesota, Scale 1:500,000, 44090-ST-500, 1986.
|
| 264 |
|
1 |
|a [Place of publication not identified] :
|b [publisher not identified],
|c [1998?]
|
| 336 |
|
|
|a cartographic image
|b cri
|2 rdacontent
|
| 337 |
|
|
|a unmediated
|b n
|2 rdamedia
|
| 338 |
|
|
|a unspecified
|b zu
|2 rdacarrier
|
| 500 |
|
|
|a Shipping List #: 98-0044-S
|
| 500 |
|
|
|a Shipping List Date: 08/12/98
|
| 500 |
|
|
|a Cartographic material.
|
| 710 |
2 |
|
|a Geological Survey (U.S.)
|
| 999 |
|
|
|a MARS
|
| 999 |
f |
f |
|s dffe695e-11b4-3913-9f28-1321d83fcd5e
|i 10002357-f747-372a-b04b-9f92b47ba6a1
|t 0
|
| 952 |
f |
f |
|p normal
|a Texas A&M University
|b College Station
|c Sterling C. Evans Library
|d Evans: Maps (2nd floor)
|t 0
|e G4141.A1 1998.U5
|h Library of Congress classification
|i unspecified -- unspecified
|m A14823227686
|
| 998 |
f |
f |
|a G4141.A1 1998.U5
|t 0
|l Evans: Maps (2nd floor)
|